| 000 | 00744nam a2200265Ia 4500 | ||
|---|---|---|---|
| 003 | OSt | ||
| 005 | 20221006160530.0 | ||
| 006 | a|||||r|||| 00| 0 | ||
| 007 | ta | ||
| 008 | 221006b |||||||| |||| 00| 0 eng d | ||
| 020 |
_a9780333547052 _c _157.64 |
||
| 024 | _a45,414 | ||
| 037 | _cTextual | ||
| 040 |
_aEASL _cEASL _beng |
||
| 041 |
_2eng _aeng |
||
| 082 | _aX8(A)0aW.42, N1 | ||
| 100 |
_aWILKS Stephen _9674037 |
||
| 245 | 0 | _aPromotion and regulation of industry in Japan | |
| 260 |
_aLondon _bMacmillan _c1991 |
||
| 300 |
_a372p. _ccm. |
||
| 490 | _v CEL | ||
| 650 |
_aJapan Government Relations with industries _9674038 |
||
| 942 |
_hX8(A)0aW.42, N1 _cTEXL _2CC |
||
| 999 |
_c1113506 _d1113506 |
||